| 000 | 01237cam a2200361 a 4500 | ||
|---|---|---|---|
| 001 | 13072347 | ||
| 003 | OSt | ||
| 005 | 20140310181625.0 | ||
| 008 | 021216s2002 ph a 000 0deng | ||
| 010 | _a 2002359166 | ||
| 020 | _z97119103043 | ||
| 035 | _a(DLC) 2002359166 | ||
| 037 |
_bLibrary of Congress -- Jakarta Overseas Office _cP3,000.00 |
||
| 040 |
_aDLC _cDLC |
||
| 042 | _alcode | ||
| 050 | 0 | 0 |
_aDS 662 _b.D341 2002 |
| 082 |
_2REF 306.409599 _bD37 2002 |
||
| 100 | 1 | _aDe La Torre, Visitacion R. | |
| 245 | 1 | 0 |
_aCultural icons of the Philippines / _cVisitacion R. de La Torre. |
| 260 |
_aMakati City, Philippines : _bTower Book House, _cc2002. |
||
| 300 |
_a252 p. : _bill. (some col.) ; _c31 cm. |
||
| 520 | _a1. Cultural Icons-Philippines. 2. Popular Images-Philippines. | ||
| 521 |
_a _bLexile |
||
| 541 | _j1 | ||
| 562 | _eFor circulation. 1 copy in the collection | ||
| 651 | 0 |
_aPhilippines _xCivilization. |
|
| 651 | 0 |
_aPhilippines _xSocial life and customs. |
|
| 651 | 0 |
_aPhilippines _xDescription and travel. |
|
| 651 | 0 |
_aPhilippines _vBiography. |
|
| 906 |
_a7 _bcbc _corigode _d3 _encip _f20 _gy-gencatlg |
||
| 942 |
_2lcc _cBK-GR _kREF |
||
| 999 |
_c276 _d276 |
||